Seguridad nacional y crisis en las relaciones México - Estados Unidos - Centroamérica, 1979 - 1987 /
Guardado en:
| Hovedforfatter: | |
|---|---|
| Andre forfattere: | |
| Format: | Texto |
| Sprog: | Spanish |
| Udgivet: |
México
UNAM
1988
|
| Fag: | |
| Tags: |
Tilføj Tag
Ingen Tags, Vær først til at tagge denne postø!
|
MARC
| LEADER | 00000 a a2200000 04500 | ||
|---|---|---|---|
| 001 | 24742 | ||
| 003 | cru IIS | ||
| 005 | 20220128114827.0 | ||
| 008 | 220128s1988 mx ||||| |||| 00| 0 spa d | ||
| 020 | |a 9688421561 | ||
| 040 | |a Centro de Recursos para el Aprendizaje y la Investigación |b español |c cru IIS | ||
| 090 | |a 01.02.01 B467s | ||
| 100 | |a Benítez Manaut, Raúl | ||
| 245 | |a Seguridad nacional y crisis en las relaciones México - Estados Unidos - Centroamérica, 1979 - 1987 / |c Raúl Benítez Manaut | ||
| 260 | |a México |b UNAM |c 1988 | ||
| 300 | |a 22 páginas | ||
| 500 | |a Colección Centroamérica | ||
| 650 | 0 | 4 | |0 TESAUROS |9 2646 |a RELACIONES INTERNACIONALES |
| 651 | 0 | |9 3410 |a MEXICO | |
| 651 | 0 | |9 245 |a ESTADOS UNIDOS | |
| 651 | 0 | |9 308 |a CENTROAMERICA | |
| 700 | |a Bermúdez Torres, Lilia | ||
| 852 | 1 | 1 | |a 01.02.01 B467s |
| 942 | |2 ddc |c LI |h 01.02.01 B467s |k 01.02.01 |m B467s |6 010201_B467S | ||
| 999 | |c 10384 |d 10384 | ||



